000 00575nam a2200193Ii 4500
003 JO-AjNU
008 230605s9999||||xx |||||||||||||| ||und||
040 _aJO-AjNU
_bara
_erda
_cJO-AjNU
041 _aara
050 1 4 _aQE26.2J697 1980
100 3 _aجوزى، حاتم,
_eauthor
_913432
245 0 0 _aالجيولوجيا للجميع
264 3 1 _aالعراق:وزارة الثقافه ،1980
300 _a298ص
336 _atext
_btxt
_2rdacontent
337 _aunmediated
_bn
_2rdamedia
338 _avolume
_bnc
_2rdacarrier
650 4 _aالجيولوجيا
_913433
999 _aA3343
_c6911
_d6911